<?xml version="1.0" encoding="UTF-8"?>
<record
    xmlns:xsi="http://www.w3.org/2001/XMLSchema-instance"
    xsi:schemaLocation="http://www.loc.gov/MARC21/slim http://www.loc.gov/standards/marcxml/schema/MARC21slim.xsd"
    xmlns="http://www.loc.gov/MARC21/slim">

  <leader>01066nam a2200229 a 4500</leader>
  <controlfield tag="001">BRCA_8730</controlfield>
  <controlfield tag="005">20190320210401.0</controlfield>
  <controlfield tag="008">170217s1794----sp-#######---#000-0#spa-#</controlfield>
  <datafield tag="041" ind1=" " ind2=" ">
    <subfield code="a">spa</subfield>
  </datafield>
  <datafield tag="044" ind1=" " ind2=" ">
    <subfield code="a">sp</subfield>
  </datafield>
  <datafield tag="084" ind1=" " ind2=" ">
    <subfield code="a">BE84</subfield>
    <subfield code="b">.S23 1794</subfield>
  </datafield>
  <datafield tag="100" ind1="1" ind2=" ">
    <subfield code="a">Scaramell, Juan Bautista</subfield>
    <subfield code="d">1687 - 1752</subfield>
    <subfield code="9">21732</subfield>
  </datafield>
  <datafield tag="245" ind1="1" ind2="0">
    <subfield code="a">Directorio asc&#xE9;tico</subfield>
    <subfield code="b">en que se ense&#xF1;a el modo de conducir las almas por el camino ordinario de la gracias a la perfecci&#xF3;n christiana: dirigido a los directores de las almas</subfield>
    <subfield code="c">obras del Padre Juan Bautista Scaramelli de la Compa&#xF1;&#xED;a de Jes&#xFA;s: idioma castellano por un padre de la misma compa&#xF1;&#xED;a y dado a luz por Don Pedro Bonet, Agente de negocios de los Reales Consejos.</subfield>
  </datafield>
  <datafield tag="260" ind1=" " ind2=" ">
    <subfield code="a">Madrid</subfield>
    <subfield code="b">En la Imprenta de Ramon Ruiz</subfield>
    <subfield code="c">1794</subfield>
  </datafield>
  <datafield tag="300" ind1=" " ind2=" ">
    <subfield code="a">[1], 539 p. (t.2), 2a imp.</subfield>
    <subfield code="c">21.5 x 15 cm.</subfield>
  </datafield>
  <datafield tag="500" ind1=" " ind2=" ">
    <subfield code="a">Estado f&#xED;sico: presenta lomo semi desprendido y presencia del pez de plata</subfield>
  </datafield>
  <datafield tag="650" ind1="1" ind2="4">
    <subfield code="a">Ascetismo</subfield>
    <subfield code="x">Iglesia cat&#xF3;lica</subfield>
    <subfield code="9">21733</subfield>
  </datafield>
  <datafield tag="650" ind1="1" ind2="4">
    <subfield code="a">Vida espiritual</subfield>
    <subfield code="9">21734</subfield>
  </datafield>
  <datafield tag="700" ind1="1" ind2=" ">
    <subfield code="a">Bonet, Pedro</subfield>
    <subfield code="e">ed.</subfield>
    <subfield code="9">21735</subfield>
  </datafield>
  <datafield tag="902" ind1=" " ind2=" ">
    <subfield code="a">CFM</subfield>
  </datafield>
  <datafield tag="942" ind1=" " ind2=" ">
    <subfield code="2">lcc</subfield>
    <subfield code="c">B</subfield>
  </datafield>
  <datafield tag="999" ind1=" " ind2=" ">
    <subfield code="c">8382</subfield>
    <subfield code="d">8382</subfield>
  </datafield>
  <datafield tag="952" ind1=" " ind2=" ">
    <subfield code="0">0</subfield>
    <subfield code="1">0</subfield>
    <subfield code="4">0</subfield>
    <subfield code="7">0</subfield>
    <subfield code="a">BRCA</subfield>
    <subfield code="b">BRCA</subfield>
    <subfield code="d">2017-02-17</subfield>
    <subfield code="l">0</subfield>
    <subfield code="o">BE84 .S23 1794</subfield>
    <subfield code="p">CFM00066</subfield>
    <subfield code="r">2019-03-22 00:00:00</subfield>
    <subfield code="w">2019-03-22</subfield>
    <subfield code="y">B</subfield>
  </datafield>
</record>
